000 00308nam a2200109Ia 4500
001 1276038
005 20260417160439.0
008 260417s9999 xx 000 0 und d
020 _a9786255998798
245 0 _aYeniden Geleceğim – Mescid-i Aksa’ya Yolculuk
_cGönül Ayyıldız
260 _bKetebe Çocuk
999 _c1276038
_d1276038